The law of estate agency (Record no. 102954)

MARC details
000 -LEADER
fixed length control field 01088cam a2200301 4500
008 - FIXED-LENGTH DATA ELEMENTS--GENERAL INFORMATION
fixed length control field #DATE n2003 000 0 eng u
020 ## - INTERNATIONAL STANDARD BOOK NUMBER
International Standard Book Number 0728204150
035 ## - SYSTEM CONTROL NUMBER
System control number (Sirsi) u122880
041 ## - LANGUAGE CODE
Language code of text/sound track or separate title eng
050 ## - LIBRARY OF CONGRESS CALL NUMBER
Classification number 333.33026
-- 18
100 ## - MAIN ENTRY--PERSONAL NAME
Personal name Murdoch, John
245 #4 - TITLE STATEMENT
Title The law of estate agency
250 ## - EDITION STATEMENT
Edition statement 4th ed.
260 ## - PUBLICATION, DISTRIBUTION, ETC.
Place of publication, distribution, etc. London
Name of publisher, distributor, etc. Estates Gazette
Date of publication, distribution, etc. 2003
300 ## - PHYSICAL DESCRIPTION
Extent xl, 362p.
Dimensions 22cm.
350 ## - PRICE (NR) (BK AM CF MU VM SE) [OBSOLETE]
Price 28
520 ## - SUMMARY, ETC.
Summary, etc. An expanded fourth edition of this standard work considering estate agency and auctions law, including the Estate Agents Act 1979 and the Property Misdescriptions Act 1991. The text has been expanded to cover the Ombudsman for Estate Agents Scheme. Case law.
520 ## - SUMMARY, ETC.
Summary, etc. Supersedes third edition "The law of estate agency and auctions" (ISBN 0728202042)
650 ## - SUBJECT ADDED ENTRY--TOPICAL TERM
Topical term or geographic name entry element AUCTION LAW
650 ## - SUBJECT ADDED ENTRY--TOPICAL TERM
Topical term or geographic name entry element AUCTIONEERS
650 ## - SUBJECT ADDED ENTRY--TOPICAL TERM
Topical term or geographic name entry element CONTRACTS OF SALE
650 ## - SUBJECT ADDED ENTRY--TOPICAL TERM
Topical term or geographic name entry element ESTATE AGENCY
650 ## - SUBJECT ADDED ENTRY--TOPICAL TERM
Topical term or geographic name entry element ESTATE AGENTS ACT 1979
650 ## - SUBJECT ADDED ENTRY--TOPICAL TERM
Topical term or geographic name entry element ESTATE AGENTS
650 ## - SUBJECT ADDED ENTRY--TOPICAL TERM
Topical term or geographic name entry element PROPERTY MISDESCRIPTIONS ACT 1991
690 ## - LOCAL SUBJECT ADDED ENTRY--TOPICAL TERM (OCLC, RLIN)
Topical term or geographic name as entry element PROPERTY AND LAND LAW-AGENCY
942 ## - ADDED ENTRY ELEMENTS (KOHA)
Suppress in OPAC 0
Holdings
Withdrawn status Lost status Source of classification or shelving scheme Damaged status Not for loan Home library Current library Shelving location Date acquired Cost, normal purchase price Total Checkouts Full call number Barcode Date last seen Copy number Cost, replacement price Price effective from Koha item type Date last checked out
    Other/Generic Classification Scheme     London London Books 07/07/2003 23.80   333.33026 MUR 30067296 06/08/2019 1 23.80 06/08/2019 Reference material  
    Other/Generic Classification Scheme     London London Basement 07/07/2003 23.80 38 333.33026 MUR 30067298 06/08/2019 3 23.80 06/08/2019 Book 21/12/2009